Trial of Sir Roger Casement / (Record no. 184171)
[ view plain ]
| 000 -LEADER | |
|---|---|
| fixed length control field | 01491cam6a220028901 4500 |
| 001 - CONTROL NUMBER | |
| control field | qce00202810 |
| 005 - DATE AND TIME OF LATEST TRANSACTION | |
| control field | 20190830102931.0 |
| 008 - FIXED-LENGTH DATA ELEMENTS--GENERAL INFORMATION | |
| fixed length control field | 781006s1960 enkach b 000 0 eng |
| 010 ## - LIBRARY OF CONGRESS CONTROL NUMBER | |
| LC control number | 60043267 |
| 035 ## - SYSTEM CONTROL NUMBER | |
| System control number | (Sirsi) r111154 |
| 035 ## - SYSTEM CONTROL NUMBER | |
| System control number | (QCAT)lss02104258 |
| 035 ## - SYSTEM CONTROL NUMBER | |
| System control number | (UPRA)qce00202810 |
| 040 ## - CATALOGING SOURCE | |
| Modifying agency | UPRA |
| 082 ## - DEWEY DECIMAL CLASSIFICATION NUMBER | |
| Classification number | 343.3 |
| 245 00 - TITLE STATEMENT | |
| Title | Trial of Sir Roger Casement / |
| Statement of responsibility, etc. | edited, with an introd., by H. Montgomery Hyde. |
| 250 ## - EDITION STATEMENT | |
| Edition statement | [New ed.]. |
| 260 ## - PUBLICATION, DISTRIBUTION, ETC. | |
| Place of publication, distribution, etc. | London : |
| Name of publisher, distributor, etc. | W. Hodge, |
| Date of publication, distribution, etc. | 1960. |
| 440 #0 - SERIES STATEMENT/ADDED ENTRY--TITLE | |
| Title | Notable British trials |
| Linkage | S11353.1 |
| 500 ## - GENERAL NOTE | |
| General note | Contains the report of the defendant's trial for high treason in the High Court of Justice, King's Bench Division, and of the appeal to the Court of Criminal Appeal. |
| 504 ## - BIBLIOGRAPHY, ETC. NOTE | |
| Bibliography, etc. note | Includes bibliographical references. |
| 700 1# - ADDED ENTRY--PERSONAL NAME | |
| Personal name | Hyde, H. Montgomery (Harford Montgomery), 1907- |
| Fuller form of name | Hyde, H. Montgomery (Harford Montgomery), 1907- |
| Dates associated with a name | Hyde, H. Montgomery (Harford Montgomery), 1907- |
| Linkage | A36618.1 |
| 700 1# - ADDED ENTRY--PERSONAL NAME | |
| Personal name | Casement, Roger, Sir, 1864-1916. |
| Titles and other words associated with a name | Casement, Roger, Sir, 1864-1916. |
| Dates associated with a name | Casement, Roger, Sir, 1864-1916. |
| Linkage | A71435.1 |
| 710 1# - ADDED ENTRY--CORPORATE NAME | |
| Corporate name or jurisdiction name as entry element | Great Britain. High Court of Justice. King's Bench Division. |
| Subordinate unit | Great Britain. High Court of Justice. King's Bench Division. |
| -- | Great Britain. High Court of Justice. King's Bench Division. |
| Linkage | A41355.1 |
| 710 1# - ADDED ENTRY--CORPORATE NAME | |
| Corporate name or jurisdiction name as entry element | Great Britain. Court of Criminal Appeal. |
| Subordinate unit | Great Britain. Court of Criminal Appeal. |
| Linkage | A71436.1 |
| 949 ## - LOCAL PROCESSING INFORMATION (OCLC) | |
| a | K645 |
| w | lcc |
| i | 33729001724033 |
| m | MAIN |
| p | 2500 |
| t | BOOK |
| l | ON-SHELF |
No items available.